مكتبة جامعة عجلون الوطنية

فهرس بحث المكتبة

Normal view MARC view
  • الزرقاني، محمد عبد العظيم

Entry Personal Name

Number of records used in: 1

001 - CONTROL NUMBER

  • control field: 56545

003 - CONTROL NUMBER IDENTIFIER

  • control field: JO-AjAnu

005 - DATE AND TIME OF LATEST TRANSACTION

  • control field: 20230606083251.0

008 - FIXED-LENGTH DATA ELEMENTS

  • fixed length control field: 230606|| aca||aabn | a|a d

040 ## - CATALOGING SOURCE

  • Original cataloging agency: JO-AjAnu
  • Transcribing agency: JO-AjAnu

100 ## - HEADING--PERSONAL NAME

  • Personal name: الزرقاني، محمد عبد العظيم

670 ## - SOURCE DATA FOUND

  • Source citation: Work cat.: (JO-AjAnu)28853: الزرقاني، محمد عبد العظيم , author, مناهل العرفان في علوم القرآن طبق ما قرره مجلس الازهر الاعلى في دراسة تخصص الكليات الازهرية، ج1